书目信息 |
| 题名: |
照片着色技术
|
|
| 作者: | 吴壬麟 著 | |
| 分册: | ||
| 出版信息: | 上海 上海人民美术出版社 1972.12 |
|
| 页数: | 52页 | |
| 开本: | 19cm | |
| 丛书名: | 实用摄影知识丛书 | |
| 单 册: | ||
| 中图分类: | TB861 | |
| 科图分类: | ||
| 主题词: | 照片着色--技术 , 摄影--各种 , 摄影技术--各种 | |
| 电子资源: | ||
| ISBN: | ||
| 000 | 00717nam2 2200265 45 | |
| 001 | 0179008405 | |
| 005 | 20060426142849.35 | |
| 010 | @dCNY0.20 | |
| 091 | @a8081.11185 | |
| 100 | @a19950801d1972 em y0chiy0121 ea | |
| 101 | 0 | @achi |
| 102 | @aCN@b310000 | |
| 105 | @af z 000yy | |
| 200 | 10 | @a照片着色技术@Azhao pian zhuo se ji shu@f吴壬麟著@Fwu ren lin zhu |
| 210 | @a上海@c上海人民美术出版社@d1972.12 | |
| 215 | @a52页@c彩照@d19cm | |
| 225 | 2 | @a实用摄影知识丛书 |
| 410 | 0 | @120010@a实用摄影知识丛书 |
| 606 | @a照片着色@x技术 | |
| 606 | 0 | @a摄影@x各种 |
| 606 | 0 | @a摄影技术@x各种 |
| 690 | @aTB861@v3 | |
| 701 | 0 | @a吴壬麟@Awu ren lin@4著 |
| 801 | 0 | @aCN@bTSSF@c20060426 |
| 905 | @a10447@dTB861@e5 | |
| 照片着色技术/吴壬麟著.-上海:上海人民美术出版社,1972.12 |
| 52页:彩照;19cm.-(实用摄影知识丛书) |
| ISBN :CNY0.20 |
| ● |
| 相关链接 |
|
|
|
|
正题名:照片着色技术
索取号:TB861/5
 
预约/预借
| 序号 | 登录号 | 条形码 | 馆藏地/架位号 | 状态 | 备注 |
| 1 | 0009285 | 202289638 | 密集书库/ [索取号:TB861/5] | 在馆 |